| 000 | 00479nam a2200169Ia 4500 | ||
|---|---|---|---|
| 003 | GCL | ||
| 008 | 140319s9999 xx 000 0 eng d | ||
| 040 |
_aGCL / _cGCL |
||
| 082 | 0 | 4 |
_a320.91716 _bS U |
| 100 | 1 | _aSMITH, B.C | |
| 245 | 1 | 0 |
_aUNDERSTANDING THIRD WORLD POLITICS: THEORIES OF POLITICAL CHANGE AND DEVELOPMENT / _cSMITH, B.C |
| 260 |
_a[S.N] : _bMACMILIAN ، _c1996 |
||
| 300 | _a398 P | ||
| 650 | 0 | 4 | _aTHIRD WORLD |
| 650 | 0 | 4 | _aPOLICY - THIRD WORLD |
| 942 |
_2ddc _cBK |
||
| 999 |
_c16249 _d16249 |
||